header

Basic mathematics through applications (Record no. 258769)

MARC details
000 -LEADER
fixed length control field 00399nam a22001577a 4500
003 - CONTROL NUMBER IDENTIFIER
control field OSt
005 - DATE AND TIME OF LATEST TRANSACTION
control field 20200703143128.0
008 - FIXED-LENGTH DATA ELEMENTS--GENERAL INFORMATION
fixed length control field 200703b xxu||||| |||| 00| 0 eng d
020 ## - INTERNATIONAL STANDARD BOOK NUMBER
International Standard Book Number 0536269726
040 ## - CATALOGING SOURCE
Transcribing agency n/a
050 ## - LIBRARY OF CONGRESS CALL NUMBER
Classification number QA39.3
Item number .A38 2007
245 ## - TITLE STATEMENT
Title Basic mathematics through applications
260 ## - PUBLICATION, DISTRIBUTION, ETC. (IMPRINT)
Place of publication, distribution, etc USA
Name of publisher, distributor, etc Pearson Custom Publishing
Date of publication, distribution, etc 2007
300 ## - PHYSICAL DESCRIPTION
Extent xvi;573p
Other physical details ill.
942 ## - ADDED ENTRY ELEMENTS (KOHA)
Source of classification or shelving scheme Library of Congress Classification
Koha item type Long Loan Books
Holdings
Withdrawn status Lost status Source of classification or shelving scheme Damaged status Not for loan Collection code Home library Current library Shelving location Date acquired Total Checkouts Full call number Barcode Date last seen Price effective from Koha item type
    Library of Congress Classification     Non-fiction Rongo University Library Rongo University Library General Stacks 03/07/2020   QA39.3 .A38 2007 201613453 03/07/2020 03/07/2020 Long Loan Books

© 2026 Rongo University
Contact us: librarian | system librarian | Rongo university